[Event "Olympiad Women 2024"]
[Site "Budapest HUN"]
[Date "2024.09.14"]
[Round "4.22"]
[Board "3"]
[White "Caku, Kler"]
[Black "Cramling Bellon, Anna"]
[Result "0-1"]
[WhiteElo "1859"]
[BlackElo "2066"]
[PlyCount "90"]
[EventDate "2024.09.11"]
[WhiteTeam "Albania"]
[BlackTeam "Sweden"]
[WhiteTeamCountry "ALB"]
[BlackTeamCountry "SWE"]

1. e4 c5 2. Nf3 e6 3. d4 cxd4 4. Nxd4 Nf6 5. Nc3 Nc6 6. Ndb5 d6 7. Bf4 e5 8. Bg5 a6 9. Na3 b5 10. Nd5 Be7 11. Bxf6 Bxf6 12. c3 Bg5 13. Nc2 O-O 14. Be2 Be6 15. Nce3 ({RR} 15. Qd3 Ne7 16. Ncb4 Nxd5 17. Nxd5 Rb8 18. O-O Qd7 19. Rad1 Rfc8 20. Qg3 h6 {½-½ Vogt,L (2352)-Vaisser,A (2495) WchT Seniors 65 2020 (2.7)}) ({RR} 15. a4 bxa4 16. Rxa4 a5 17. O-O Rb8 18. Qa1 Qd7 19. Bc4 Qb7 20. b3 Kh8 21. Rd1 f5 22. exf5 Bxf5 23. Nde3 Qa7 24. Nxf5 Rxf5 25. Rf1 Rbf8 26. Qe1 Qc5 27. Qe2 d5 28. Bb5 Qxc3 29. Bxc6 Qxc6 {0-1 Tian,M-Ji,Y (1660) ch-CHN Personal GpB w 2024 (11.30)}) 15... Ne7 16. Nxe7+ Qxe7 17. Qd3 $146 ({RR} 17. Nd5 Qb7 18. O-O Bxd5 19. Qxd5 Qxd5 20. exd5 Rab8 21. g3 f5 22. Rfb1 a5 23. h4 Bf6 24. a4 b4 25. cxb4 Rxb4 26. b3 Rfb8 27. Bb5 Kf8 28. Kf1 e4 29. Ra2 Bd4 30. Ke2 Ke7 31. Rc2 Bc5 {½-½ Manakova,M (2238)-Yakimova,M (2288) Wch Rapid (Women) 2019 (7)}) ({RR} 17. Nd5 Qb7 18. O-O Rac8 19. Qd3 Rc5 20. Rfd1 Kh8 21. a4 f5 22. Bf3 Bxd5 23. exd5 e4 24. Bxe4 fxe4 25. Qxe4 bxa4 26. Rxa4 Qxb2 27. Rxa6 Qxf2+ {0-1 Grunert,W (1582)-Bochnicka,V (1889) EU Union-ch U12 2017 (7)}) 17... Bxe3 18. Qxe3 d5 19. Bd3 d4 20. Qg3 Qc5 21. O-O dxc3 22. bxc3 Qxc3 23. Rfd1 Rfd8 24. Rac1 Qa3 25. Bb1 Qa4 26. Re1 Qd4 27. h4 Rac8 28. Qa3 Rxc1 29. Rxc1 Qd2 30. Qe3 Qxe3 31. fxe3 Kf8 32. a3 Rd2 33. Kh2 Rb2 34. Bc2 Ra2 35. a4 b4 36. Bd1 b3 37. Rb1 Rxa4 38. Bxb3 Rb4 39. Bc2 Rxb1 40. Bxb1 a5 41. Bc2 Ke7 42. Kg1 Kd6 43. Kf2 Kc5 44. Ke2 Kb4 45. Kd2 Bb3 0-1

[Event "Olympiad Women 2024"]
[Site "Budapest HUN"]
[Date "2024.09.14"]
[Round "4.22"]
[Board "4"]
[White "Valcu, Lavinia"]
[Black "Omeri, Eklea"]
[Result "1-0"]
[WhiteElo "2076"]
[BlackElo "1962"]
[PlyCount "53"]
[EventDate "2024.09.11"]
[WhiteTeam "Sweden"]
[BlackTeam "Albania"]
[WhiteTeamCountry "SWE"]
[BlackTeamCountry "ALB"]

1. e4 d5 2. exd5 Qxd5 3. Nc3 Qd6 4. d4 c6 5. Nf3 Bg4 6. Bc4 e6 7. Be3 Nf6 8. Qd2 ({RR} 8. h3 Bh5 9. g4 Bg6 10. Bb3 Nbd7 11. Qe2 Qc7 12. O-O-O O-O-O 13. Ne5 Nb6 14. h4 Be4 15. Nxe4 Nxe4 16. Bf4 Nf6 17. Ng6 Bd6 18. Bxd6 Qxd6 19. Nxh8 Rxh8 20. g5 Ne8 21. Qe5 Nd7 22. Qe4 Nc7 {1-0 Argote Heredia,V (2144)-Silva,N (1868) Olympiad Women 2024 (4.40)}) 8... Bxf3 9. gxf3 Nbd7 $146 ({RR} 9... Qb4 10. Bb3 Nbd7 11. Ne4 Qxd2+ 12. Kxd2 Nd5 13. c4 N5b6 14. Ke2 f5 15. Ng5 Ke7 16. f4 Kf6 17. Bd2 a5 18. a3 a4 19. Ba2 h6 20. Nf3 c5 21. d5 exd5 22. cxd5 Re8+ 23. Kf1 Bd6 24. Rg1 {1-0 Bezuidenhout,R (2076)-Abrantes,P (2010) Livingstone FIDE zt 4.3 2017 (3)}) 10. O-O-O Nb6 11. Bb3 Qc7 12. Ne4 a5 13. Bf4 Qd7 14. a3 Nbd5 15. Be5 b5 16. Rhg1 Nxe4 17. fxe4 Ne7 18. Bxg7 Bxg7 19. Rxg7 a4 20. Ba2 Ng6 21. d5 cxd5 22. exd5 e5 23. d6 Rf8 24. Rxh7 Nf4 25. Qe3 Ng6 26. f4 Rc8 27. fxe5 1-0

[Event "Olympiad Women 2024"]
[Site "Budapest HUN"]
[Date "2024.09.14"]
[Round "4.23"]
[Board "1"]
[White "Varela La Madrid, Tilsia Carolina"]
[Black "Dolgova, Olga"]
[Result "1-0"]
[WhiteElo "2017"]
[BlackElo "2171"]
[PlyCount "51"]
[EventDate "2024.09.11"]
[WhiteTeam "Venezuela"]
[BlackTeam "Norway"]
[WhiteTeamCountry "VEN"]
[BlackTeamCountry "NOR"]

1. e4 c6 2. d4 d5 3. Nc3 dxe4 4. Nxe4 Bf5 5. Ng3 Bg6 6. h4 h6 7. Nf3 e6 8. h5 Bh7 9. Bd3 Bxd3 10. Qxd3 Nf6 11. Bd2 Be7 12. O-O-O c5 13. Ne4 ({RR} 13. Be3 Nc6 14. dxc5 Qa5 15. Kb1 Bxc5 16. Ne4 Nxe4 17. Qxe4 Bxe3 18. Qxe3 O-O 19. Rd7 Nb4 20. a3 Nd5 21. Qb3 b5 22. Ne5 Rac8 23. Rd1 Rc7 24. Rxc7 Qxc7 25. Nf3 Rc8 26. Rd2 a6 27. g3 Nf6 {0-1 Hayrapetyan,E (2343)-Samunenkov,I (2539) Titled Tue 13th Feb Early 2024 (6)}) 13... cxd4 ({RR} 13... Nc6 14. Bc3 Qd5 15. Nxf6+ gxf6 16. dxc5 Qxd3 17. cxd3 Rg8 18. g3 Bxc5 19. d4 Be7 20. d5 Nb4 21. Bxb4 Bxb4 22. dxe6 fxe6 23. Rh4 Bc5 24. Re4 e5 25. Rd2 Kf7 26. Nh4 Ke6 27. g4 Rac8 28. Kd1 {0-1 Guseinov,G (2613)-Ni,H (2666) Olympiad-41 Tromsoe 2014 (8.4)}) 14. Nxd4 Nbd7 15. Rh3 $146 ({RR} 15. Nb3 O-O 16. g4 Qc7 17. Nxf6+ Nxf6 18. Rhg1 Rfd8 19. Qe2 a5 20. a4 Rd5 21. g5 hxg5 22. Bxg5 Re5 23. Qf3 Rc8 24. Nd4 Nxh5 25. Bxe7 Qxe7 26. Nb5 Rf5 27. Qe2 Qh4 28. Nd6 Rxf2 29. Qxf2 Qxf2 {0-1 Kosteniuk,A (2555)-Gunina,V (2525) Khanty-Mansiysk FIDE GP (Women) 2016 (11)}) ({RR} 15. Nb5 O-O 16. Nxf6+ Nxf6 17. Qxd8 Rfxd8 18. f3 a6 19. Nc3 b5 20. g4 b4 21. Ne2 Rac8 22. Nf4 Rc4 23. Be3 Rdc8 24. Rh2 Bc5 25. Ng2 Nd5 26. Bxc5 R4xc5 27. Ne1 a5 28. Rd3 Kf8 29. a3 Ke7 {½-½ Zuse,P (2215)-Rosner,J (2424) Verbandsliga Nordbaden 1819 2018 (8.1)}) 15... Nxe4 16. Qxe4 Nc5 17. Qg4 Bf6 18. Bb4 Qb6 19. Nb3 Na4 20. Ba3 Qb5 21. Re3 e5 22. Nd4 Qa6 23. Nf5 Rd8 24. Red3 Rxd3 25. Rxd3 b5 26. Nxg7+ 1-0

[Event "Olympiad Women 2024"]
[Site "Budapest HUN"]
[Date "2024.09.14"]
[Round "4.23"]
[Board "2"]
[White "Koskela, Niina"]
[Black "Rovira Contreras, Tairu Manuela"]
[Result "1-0"]
[WhiteElo "2173"]
[BlackElo "2022"]
[PlyCount "137"]
[EventDate "2024.09.11"]
[WhiteTeam "Norway"]
[BlackTeam "Venezuela"]
[WhiteTeamCountry "NOR"]
[BlackTeamCountry "VEN"]

1. e4 e5 2. Nf3 Nc6 3. Bc4 Nf6 4. d3 Bc5 5. c3 d6 6. Bb3 Bb6 7. O-O O-O 8. Nbd2 Ne7 9. Nc4 Ng6 10. Nxb6 axb6 11. Bc2 ({RR} 11. h3 Qe7 12. Kh2 Be6 13. c4 Bd7 14. a4 b5 15. Be3 bxa4 16. Bxa4 Bxa4 17. Rxa4 Qd7 18. Ra1 b6 19. b4 Qc6 20. Qb3 Qb7 21. Qb2 Rfb8 22. Ng1 Qc8 23. Ne2 Rb7 24. Nc3 Rba7 25. Nb5 Ra6 {1-0 Koskela,N (2251)-Kangas,L (2056) FIN-ch op Naantali 2008 (9)}) 11... Re8 12. h3 h6 13. Kh2 $146 ({RR} 13. Re1 Nh5 14. d4 Qf6 15. Nh2 Nhf4 16. Kh1 h5 17. d5 h4 18. Ng4 Qe7 19. Qf3 Bd7 20. Kh2 Nh5 21. Bd2 Rf8 22. Nh6+ gxh6 23. Qxh5 Qf6 24. Bxh6 Rfe8 25. Rf1 Nf4 26. Bxf4 Qxf4+ 27. g3 Qf6 {0-1 Movsesian,J (2342)-Olsarova,K (2286) Pardubice blitz op 2020 (6.6)}) 13... Bd7 14. Ng1 Bc6 15. Ne2 d5 16. f3 Nh5 17. Be3 Qd6 18. g3 Rad8 19. Qe1 Nf6 20. Rd1 Bd7 21. a3 Qe6 22. Ng1 c5 23. Qf2 Bb5 24. Rfe1 Bc6 25. Bb1 Ba4 26. Rc1 Rd7 27. Ba2 Qe7 28. Bb1 Bc6 29. Qg2 Qd8 30. Ne2 Qb8 31. Kg1 Kh8 32. Bf2 Qd6 33. g4 Nh7 34. h4 Qf6 35. Qg3 Rdd8 36. Kh2 d4 37. cxd4 cxd4 38. Kg2 Kg8 39. h5 Nf4+ 40. Nxf4 exf4 41. Qh2 Qe5 42. Qg1 Rd6 43. Red1 Nf8 44. Ba2 Red8 45. Qe1 g6 46. hxg6 Rxg6 47. Kf1 h5 48. gxh5 Qxh5 49. Ke2 Ne6 50. Qh1 Qb5 51. Rd2 Kg7 52. Bxe6 fxe6 53. Rg1 e5 54. b4 Rdd6 55. Rxg6+ Rxg6 56. Qh4 Kf7 57. Qh7+ Rg7 58. Qf5+ Kg8 59. a4 Qxa4 60. Qxe5 Qxb4 61. Qxf4 b5 62. Ra2 Kh7 63. Qh4+ Kg6 64. Qg4+ Kh6 65. Qh3+ Kg6 66. Qf5+ Kh6 67. Be1 Qe7 68. Bd2+ Rg5 69. Ra1 1-0

[Event "Olympiad Women 2024"]
[Site "Budapest HUN"]
[Date "2024.09.14"]
[Round "4.23"]
[Board "3"]
[White "Otazo Sanchez, Annyd Gabriela"]
[Black "Stanford, Sheila Barth"]
[Result "0-1"]
[WhiteElo "1976"]
[BlackElo "2175"]
[PlyCount "186"]
[EventDate "2024.09.11"]
[WhiteTeam "Venezuela"]
[BlackTeam "Norway"]
[WhiteTeamCountry "VEN"]
[BlackTeamCountry "NOR"]

1. e4 c5 2. c3 d5 3. exd5 Nf6 4. Bb5+ Nbd7 5. c4 a6 6. Ba4 ({RR} 6. Bxd7+ Qxd7 7. d4 e6 8. Be3 exd5 9. dxc5 dxc4 10. Na3 Nd5 11. Bd4 Nf4 12. Kf1 Qd5 13. Nf3 Bf5 14. Qa4+ Bd7 15. Qb4 b6 16. Re1+ Ne6 17. Qxb6 f6 18. Nc2 c3 19. bxc3 Kf7 20. Ne3 Qc6 {0-1 Grandelius,N (2635)-Carlsen,M (2864) Chessable Masters Prelim rapid 2022 (3)}) 6... b5 7. cxb5 Nxd5 8. Nc3 ({RR} 8. Nf3 N7b6 9. bxa6+ Nxa4 10. Qxa4+ Bd7 11. Qc4 e6 12. Nc3 Nb6 13. Qe2 Bd6 14. O-O O-O 15. d4 cxd4 16. Nxd4 Qh4 17. Nf3 Qh5 18. Be3 Bc6 19. h3 Nd5 20. Nxd5 Bxd5 21. Nd4 Qe5 22. f4 Qe4 {0-1 Coca,C (2235)-Korchmar,V (2438) Titled Tue 13th Feb Late 2024 (1)}) 8... N5b6 $146 ({RR} 8... e6 9. Nf3 Be7 10. O-O O-O 11. d4 Bb7 12. bxa6 Bxa6 13. Nxd5 exd5 14. Re1 Nb6 15. Bc2 cxd4 16. Nxd4 Rc8 17. Bf5 Rc4 18. Be3 Bb4 19. Re2 Rc7 20. Rc2 Rxc2 21. Qxc2 g6 22. Nc6 Qd6 23. Nxb4 {1-0 Tournier,M (2277)-Kranewitter,N (2008) Oberliga Bayern 1819 2018 (1.8)}) ({RR} 8... e6 9. Nge2 Be7 10. O-O O-O 11. d4 N7b6 12. Bc2 axb5 13. dxc5 Bxc5 14. Qd3 g6 15. Bh6 Re8 16. Qxb5 Bd6 17. Bg5 f6 18. Be3 Nxe3 19. fxe3 Ba6 20. Qc6 Rc8 21. Qf3 Qc7 22. Bb3 Bxh2+ 23. Kh1 {0-1 Frambol,C (1924)-Jakobsen,J (1915) Fredericia M2 2018 (5)}) 9. Nge2 e6 10. O-O Bd6 11. d4 Nxa4 12. Qxa4 O-O 13. Rd1 Qc7 14. h3 Bb7 15. dxc5 Nxc5 16. Qg4 f5 17. Qc4 axb5 18. Nxb5 Qc6 19. f3 Be5 20. Be3 Na6 21. Qxc6 Bxc6 22. Nbc3 Rfb8 23. Bd4 Bc7 24. b3 Be8 25. Rac1 e5 26. Bf2 Nb4 27. a4 Bd8 28. Bc5 Bg5 29. Rb1 Bf6 30. Bxb4 Rxb4 31. Nd5 Rb7 32. Nxf6+ gxf6 33. Nc3 Rab8 34. Nd5 Kf7 35. a5 Rxb3 36. Rxb3 Rxb3 37. a6 Ra3 38. Nc7 Ke7 39. h4 h5 40. Nd5+ Ke6 41. Nc7+ Ke7 42. Kf2 Bd7 43. Nd5+ Ke6 44. Rd2 Ra5 45. Nc7+ Ke7 46. Rd5 Ra2+ 47. Ke3 Bc8 48. Rd2 Ra3+ 49. Rd3 f4+ 50. Kd2 Ra2+ 51. Kc3 Bxa6 52. Nxa6 Rxa6 53. Rd2 Ra1 54. Kd3 Ke6 55. Rb2 Kf5 56. Ke2 Ra8 57. Kf2 Kg6 58. Rc2 Re8 59. Ra2 Re6 60. Rb2 f5 61. Rb5 Kf6 62. Ra5 Rb6 63. Ra4 Ke6 64. Ra8 e4 65. fxe4 fxe4 66. Ra5 Rb2+ 67. Kf1 Rb1+ 68. Kf2 e3+ 69. Ke2 Rg1 70. Rg5 Kf6 71. Kf3 Rf1+ 72. Ke2 Rf2+ 73. Ke1 Ke6 74. Kd1 Rd2+ 75. Ke1 Rd5 76. Rg8 Kf5 77. Ke2 Ke4 78. Re8+ Re5 79. Ra8 Rb5 80. Re8+ Re5 81. Ra8 Re7 82. Rg8 Re6 83. Rg7 Re8 84. Ra7 Rg8 85. Ra4+ Kf5 86. Ra5+ Kg4 87. Ra4 Rb8 88. Ra2 Rb1 89. Rc2 Kxh4 90. Kf3 Rf1+ 91. Ke4 Rf2 92. Rc1 e2 93. Re1 Kg3 0-1

[Event "Olympiad Women 2024"]
[Site "Budapest HUN"]
[Date "2024.09.14"]
[Round "4.23"]
[Board "4"]
[White "Ni, Viktorija"]
[Black "Pena Gonzalez, Clara Isabel"]
[Result "1/2-1/2"]
[WhiteElo "2163"]
[BlackElo "1895"]
[PlyCount "92"]
[EventDate "2024.09.11"]
[WhiteTeam "Norway"]
[BlackTeam "Venezuela"]
[WhiteTeamCountry "NOR"]
[BlackTeamCountry "VEN"]

1. d4 Nf6 2. Bg5 Ne4 3. Bf4 d5 4. e3 c5 5. dxc5 ({RR} 5. f3 Qa5+ 6. c3 Nf6 7. Nd2 Nbd7 8. g4 e6 9. h4 Qb6 10. Qb3 c4 11. Qxb6 axb6 12. a3 b5 13. O-O-O Nb6 14. Ne2 h5 15. g5 Nfd7 16. g6 fxg6 17. Bh3 Kf7 18. Rdg1 Ra6 19. Rh2 Be7 {½-½ Markos,J (2571)-Ftacnik,L (2559) Banicky Kahanec 31st 2009 (9)}) 5... Nc6 6. Nf3 ({RR} 6. f3 Nxc5 7. Nc3 e5 8. Bg3 Be6 9. Bb5 f6 10. Nge2 Be7 11. O-O O-O 12. b3 Rc8 13. e4 d4 14. Nd5 Kh8 15. c4 d3 16. Nc1 a6 17. Bxc6 bxc6 18. Nxe7 Qxe7 19. Nxd3 Rfd8 20. Nxc5 Rxd1 {0-1 Mishra,M (1941)-Golubovic,E (2096) Titled Tue 5th Mar Early 2024 (10)}) 6... g6 $146 ({RR} 6... Bg4 7. Be2 e6 8. h3 Bh5 9. O-O Bxc5 10. Nbd2 Nxd2 11. Qxd2 O-O 12. Rfd1 Qe7 13. a3 Rad8 14. Bg5 f6 15. Bf4 e5 16. Bg3 Bf7 17. Qe1 Bb6 18. Rac1 Rfe8 19. Kh1 Be6 20. Bf1 Qf7 21. Nd2 {½-½ Gabriel,C (2564)-Stanec,N (2479) Pula zt 1.2 2000 (9)}) ({RR} 6... f6 7. c3 e5 8. Bg3 Bxc5 9. Be2 O-O 10. Nbd2 Bf5 11. O-O Nxg3 12. hxg3 Be6 13. Nb3 Bb6 14. Qd2 Qe7 15. Rfd1 a5 16. Qe1 a4 17. Nbd2 Ba5 18. Rac1 Qf7 19. Qf1 Rfd8 20. e4 d4 21. cxd4 {0-1 Mueller,M (1793)-Dorst,J (2200) Rheinland Pfalz op 7th 2015 (1)}) 7. Nbd2 Nxc5 8. Nb3 Nxb3 9. axb3 Bg7 10. c3 h6 11. b4 e5 12. Bg3 Bg4 13. Be2 e4 14. Nd4 Bxe2 15. Nxc6 bxc6 16. Qxe2 a5 17. b5 Qb6 18. bxc6 Qxc6 19. O-O O-O 20. Ra3 f5 21. Rfa1 a4 22. Qd1 g5 23. f4 Qc5 24. Qd2 Qc4 25. fxg5 hxg5 26. Bd6 Rf7 27. Bb4 f4 28. b3 Qb5 29. bxa4 Qc4 30. Rd1 f3 31. Qf2 Ra6 32. Qf1 f2+ 33. Kh1 Raf6 34. a5 Qc7 35. Rxd5 Rh6 36. h3 g4 37. Rg5 gxh3 38. g3 Qd8 39. Rg4 Qd1 40. Qxd1 f1=Q+ 41. Qxf1 Rxf1+ 42. Kh2 Rf2+ 43. Kh1 Rf1+ 44. Kh2 Rf2+ 45. Kh1 Rf1+ 46. Kh2 Rf2+ 1/2-1/2

[Event "Olympiad Women 2024"]
[Site "Budapest HUN"]
[Date "2024.09.14"]
[Round "4.24"]
[Board "1"]
[White "Gomez Barrera, Javiera Belen"]
[Black "Rogule, Laura"]
[Result "0-1"]
[WhiteElo "2123"]
[BlackElo "2248"]
[PlyCount "76"]
[EventDate "2024.09.11"]
[WhiteTeam "Chile"]
[BlackTeam "Latvia"]
[WhiteTeamCountry "CHI"]
[BlackTeamCountry "LAT"]

1. e4 c5 2. Nf3 a6 3. c4 b6 4. Nc3 Bb7 5. d4 cxd4 6. Nxd4 e6 7. Be3 Qc7 8. Rc1 Nf6 9. f3 d6 10. Qd2 Nbd7 11. Be2 Be7 12. O-O O-O 13. Rfd1 Rfe8 14. a3 Rac8 15. b4 Qb8 16. Nb3 Bf8 ({RR} 16... h5 17. Bf1 h4 18. Qf2 Bc6 19. Nd4 Ba8 20. Nb3 h3 21. g3 Ne5 22. Na4 Bd8 23. Bd4 Nxf3+ 24. Qxf3 Nxe4 25. Bxh3 Ng5 26. Qf1 Nf3+ 27. Kf2 b5 28. Nb2 Nxh2 29. Qd3 Nf3 30. Bg2 Nxd4 31. Nxd4 {½-½ Volodin,A (2457)-Supi,L (2548) Olympiad-43 Batumi 2018 (7.36)}) 17. Bf1 Ne5 $146 ({RR} 17... Qa8 18. Bf2 g6 19. Na4 d5 20. exd5 exd5 21. Nxb6 Nxb6 22. Bxb6 Bc6 23. Re1 Bg7 24. Bd4 Rxe1 25. Qxe1 dxc4 26. Bxc4 Bb5 27. Nc5 Bxc4 28. Rxc4 Qd5 29. Qc3 h6 30. Be5 Ng4 31. Rxg4 Bxe5 32. Qd3 {0-1 Nareks,M (1832)-Yoon,J (1720) EU-ch Online U14 rapid 2020 (7)}) 18. Na4 Nfd7 19. Nxb6 Nxb6 20. Bxb6 Bxe4 21. Qe3 Bc6 22. c5 Ba4 23. Na5 dxc5 24. bxc5 Bxd1 25. Rxd1 Nc6 26. Nb3 Qb7 27. a4 Nb4 28. Qe4 Nd5 29. Kh1 Bxc5 30. Bxc5 Qxb3 31. Rc1 Qb7 32. Rb1 Qc6 33. Bd4 Qxa4 34. Bd3 g6 35. Qe5 f6 36. Qe4 Nc3 37. Qg4 Nxb1 38. Bxg6 Rc1+ 0-1

[Event "Olympiad Women 2024"]
[Site "Budapest HUN"]
[Date "2024.09.14"]
[Round "4.24"]
[Board "2"]
[White "Berzina, Ilze"]
[Black "Abarca Gonzalez, Damaris"]
[Result "0-1"]
[WhiteElo "2200"]
[BlackElo "1991"]
[PlyCount "174"]
[EventDate "2024.09.11"]
[WhiteTeam "Latvia"]
[BlackTeam "Chile"]
[WhiteTeamCountry "LAT"]
[BlackTeamCountry "CHI"]

1. e4 e5 2. Nf3 Nc6 3. Bb5 a6 4. Ba4 Nf6 5. O-O Be7 6. Re1 b5 7. Bb3 d6 8. c3 O-O 9. h3 Nb8 10. d4 Nbd7 11. Nbd2 Bb7 12. Bc2 Re8 13. Nf1 Bf8 14. Ng3 g6 15. a4 c5 16. d5 c4 17. Bg5 Be7 18. Be3 ({RR} 18. Qd2 Nc5 19. Ra3 Nfd7 20. h4 Bxg5 21. Nxg5 Qf6 22. Re3 Qe7 23. Rf3 f6 24. Nh3 Nf8 25. h5 Bc8 26. hxg6 hxg6 27. Nf5 gxf5 28. Rg3+ Kh8 29. exf5 Nd3 30. Bxd3 cxd3 31. Qxd3 Bd7 32. Qe4 Qf7 {0-1 Saric,I (2652)-Vitiugov,N (2726) EU-ch rapid Tallinn 2016 (10)}) ({RR} 18. Qd2 Nc5 19. axb5 axb5 20. Be3 Qc7 21. h4 h5 22. Bg5 Ng4 23. Bxe7 Qxe7 24. Ng5 Reb8 25. f3 Nf6 26. f4 exf4 27. Qxf4 Qe5 28. Qf3 Rxa1 29. Rxa1 Ra8 30. Rf1 Kg7 31. Ne2 Bc8 32. Nd4 Bg4 {1-0 Khamdamova,A (2327)-Jodar Arias,M (2209) Titled Tue 27th Feb Early 2024 (8)}) 18... Qc7 19. Nd2 Nc5 20. Qe2 $146 ({RR} 20. Rf1 Bf8 21. h4 Nfd7 22. h5 Nb6 23. a5 Nbd7 24. Nf3 Bc8 25. Qd2 Nf6 26. Bg5 Ng4 27. hxg6 hxg6 28. Nh2 Be7 29. Nxg4 Bxg4 30. Bh6 Bh4 31. Nh1 Qe7 32. f3 Bd7 33. g3 Bf6 34. Rf2 Bg7 {0-1 Osmanodja,F (2245)-Savina,A (2356) BL 1718 (Women) 2017 (10.4)}) ({RR} 20. Rf1 Bf8 21. Ne2 Bg7 22. f3 Nfd7 23. Qe1 Nb6 24. a5 Nbd7 25. g4 Qd8 26. h4 Qe7 27. Kg2 Nf8 28. Rh1 Bc8 29. Qg3 Rb8 30. h5 Qd8 31. Rh3 Bf6 32. f4 exf4 33. Bxf4 Be5 34. Nd4 Bb7 {1-0 Osmanodja,F (2271)-Hapala,E (2062) Mitropa Cup (Women) 2014 (1.3)}) 20... Nfd7 21. Ngf1 Reb8 22. Nh2 Kg7 23. Ng4 h5 24. Nh2 Qd8 25. Nhf3 Qc7 26. Rf1 Nb6 27. a5 Nbd7 28. Ng5 f6 29. Ngf3 Rh8 30. Nh2 Raf8 31. f4 exf4 32. Bxf4 Ne5 33. Be3 Bc8 34. Nhf3 Bd7 35. Nd4 Rf7 36. N2f3 Qc8 37. Rad1 Bd8 38. Nxe5 dxe5 39. Nc6 Bxc6 40. Bxc5 Bd7 41. Bb4 h4 42. Qf2 Rh5 43. Qe3 g5 44. Rd2 g4 45. Bd1 Rg5 46. Bxg4 Bxg4 47. hxg4 Rxg4 48. Rf5 Rg3 49. Qf2 Kg8 50. Qe2 Qd7 51. Kh2 Rfg7 52. Rh5 R3g4 53. Qe3 Rf4 54. Qc5 Rf7 55. Qc6 Rxe4 56. Qe6 Rf4 57. Kh3 Kg7 58. Rxh4 Rxh4+ 59. Kxh4 f5+ 60. Kh5 Bf6 61. Rf2 f4 62. g4 Qxe6 63. dxe6 Rb7 64. g5 Be7 65. Rd2 Bxb4 66. cxb4 Re7 67. Rd7 Kf8 68. Rxe7 Kxe7 69. g6 f3 70. g7 f2 71. g8=Q f1=Q 72. Qh7+ Kxe6 73. Qg6+ Qf6 74. Qe8+ Kf5 75. Qc8+ Ke4 76. Qg4+ Qf4 77. Qe2+ Qe3 78. Qg4+ Qf4 79. Qe2+ Kd5 80. Qg2+ e4 81. Qg8+ Kd4 82. Qd8+ Ke3 83. Qb6+ Kf3 84. Qxa6 e3 85. Qb7+ Kf2 86. a6 e2 87. a7 e1=Q 0-1

[Event "Olympiad Women 2024"]
[Site "Budapest HUN"]
[Date "2024.09.14"]
[Round "4.24"]
[Board "3"]
[White "Jorquera Cabello, Valentina"]
[Black "Ter-Avetisjana, Agnesa Stepania"]
[Result "0-1"]
[WhiteElo "1919"]
[BlackElo "2134"]
[PlyCount "148"]
[EventDate "2024.09.11"]
[WhiteTeam "Chile"]
[BlackTeam "Latvia"]
[WhiteTeamCountry "CHI"]
[BlackTeamCountry "LAT"]

1. e4 c6 2. Nf3 d5 3. exd5 cxd5 4. Ne5 a6 5. d4 Nc6 6. c3 Bf5 7. Bd3 Bxd3 8. Qxd3 Nxe5 9. dxe5 e6 10. O-O Qc7 ({RR} 10... Bc5 11. Nd2 Ne7 12. Nf3 O-O 13. Be3 Qc7 14. Bxc5 Qxc5 15. Rad1 Ng6 16. Rfe1 b5 17. Qd4 Rfc8 18. g3 a5 19. Qxc5 Rxc5 20. Nd4 b4 21. Rc1 bxc3 22. Rxc3 Rxc3 23. bxc3 Rc8 24. Re3 Nf8 25. Kf1 {0-1 Dinu,D (2190)-Samunenkov,I (2532) Titled Tue 11th Jun Early 2024 (2)}) 11. Qe2 $146 ({RR} 11. Re1 Bc5 12. Nd2 Ne7 13. Nf3 Nf5 14. Bd2 Qb6 15. Rf1 Qb5 16. Qxb5+ axb5 17. a3 f6 18. Rfe1 Kf7 19. Rad1 Ra4 20. g3 Rc8 21. Kg2 Ne7 22. Be3 b6 23. Bc1 Nc6 24. Re2 Re4 25. Rde1 Rxe2 {0-1 Chigaev,M (2589)-Fedoseev,V (2678) PRO League KO Stage rapid 2020 (2)}) ({RR} 11. f4 Bc5+ 12. Be3 Ne7 13. Nd2 Bxe3+ 14. Qxe3 Nf5 15. Qf2 h5 16. Rac1 b5 17. b3 Qa7 18. Qxa7 Rxa7 19. c4 dxc4 20. bxc4 Ne3 21. Rfe1 Nxc4 22. Nxc4 bxc4 23. Rxc4 O-O 24. Rec1 Rb7 25. R1c2 Rfb8 {½-½ Martinez Cebolla,A (2023)-Gonzalez Gambau,J (2039) Aragon-chT 2008 (1)}) 11... Ne7 12. Nd2 Nc6 13. Nf3 Be7 14. Re1 h6 15. Bd2 O-O 16. h3 Rac8 17. Nh2 Rfe8 18. Rad1 b5 19. Bf4 Bf8 20. Rd3 Ne7 21. Ng4 Nf5 22. Nh2 Qc4 23. Bd2 b4 24. g4 bxc3 25. bxc3 Nh4 26. g5 h5 27. Rd4 Qxe2 28. Rxe2 Nf5 29. Ra4 Rc6 30. Nf3 Rb8 31. Kg2 Rb2 32. Kf1 g6 33. Ne1 Rb1 34. Kg2 Be7 35. Nd3 Kf8 36. h4 Ke8 37. Re1 Rbb6 38. Rd1 Rc4 39. Rxc4 dxc4 40. Nb4 Nxh4+ 41. Kh3 Nf5 42. a4 a5 43. Nc2 Bc5 44. f4 Rb2 45. Ne1 Ne7 46. Nf3 Nd5 47. f5 Rb3 48. fxg6 fxg6 49. Kh2 Kf7 50. Nh4 Kg7 51. Be1 Be3 52. Ng2 Rb2 53. Kg3 Bxg5 54. Rd4 Kh6 55. Kf3 Ra2 56. Bh4 Bxh4 57. Nxh4 g5 58. Nf5+ exf5 59. Rxd5 g4+ 60. Ke3 g3 61. e6 g2 62. Rd1 Kg6 63. Kf4 Rf2+ 64. Ke5 Rf1 65. Rd8 Re1+ 66. Kd6 Rd1+ 67. Ke7 Rxd8 68. Kxd8 g1=Q 69. e7 Qb6+ 70. Kd7 Qb7+ 71. Kd8 Qxe7+ 72. Kxe7 f4 73. Kd6 f3 74. Kc5 f2 0-1

[Event "Olympiad Women 2024"]
[Site "Budapest HUN"]
[Date "2024.09.14"]
[Round "4.24"]
[Board "4"]
[White "Vidruska, Renate"]
[Black "Romero Troncoso, Liset Anais"]
[Result "1/2-1/2"]
[WhiteElo "2035"]
[BlackElo "1834"]
[PlyCount "117"]
[EventDate "2024.09.11"]
[WhiteTeam "Latvia"]
[BlackTeam "Chile"]
[WhiteTeamCountry "LAT"]
[BlackTeamCountry "CHI"]

1. e4 e5 2. Nf3 Nf6 3. d4 Nxe4 4. Bd3 d5 5. Nxe5 Nd7 6. Nxd7 Bxd7 7. O-O Bd6 8. Nc3 Nxc3 9. bxc3 O-O 10. Qh5 f5 11. Bg5 Qe8 12. Qh4 Qf7 13. Bf4 Qf6 14. Qg3 Bxf4 15. Qxf4 Qc6 16. c4 $146 ({RR} 16. Rab1 a6 17. h4 b5 18. Qd2 Qd6 19. Rbe1 Rfe8 20. f4 Rxe1 21. Rxe1 Re8 22. Re5 g6 23. h5 c5 24. Qe3 c4 25. Rxe8+ {1-0 Martinez Alcantara,J (2620)-Siddharth,J (2336) Speed Chess Super Swiss blitz 2021 (3)}) ({RR} 16. Rab1 a6 17. Rfe1 b6 18. Re3 Rae8 19. Rg3 Qxc3 20. h4 Qc6 21. h5 Kh8 22. Qg5 Qf6 23. Qf4 Qc6 24. Qg5 Qf6 25. Qf4 Qc6 26. Qg5 Qf6 {½-½ Vidruska,R (1991)-Grabarczyk,M (2337) European Blitz 2022 (8.68)}) 16... dxc4 17. d5 Qa4 18. Qxc4 Qxc4 19. Bxc4 Kh8 20. f4 Ba4 21. Bb3 Bd7 22. Rfe1 Rae8 23. Re5 g6 24. Rae1 Kg7 25. Kf2 Kf6 26. g3 h6 27. a4 a5 28. d6 cxd6 29. Rxa5 Rxe1 30. Kxe1 Re8+ 31. Kd2 Bc6 32. Bd5 Rc8 33. Bxc6 Rxc6 34. Rb5 Rc4 35. a5 Ra4 36. Kd3 Ke6 37. Kc3 Ra1 38. Kb2 Ra4 39. Kb3 Ra1 40. Kc3 Ra3+ 41. Kd2 Ra4 42. Rxb7 Rxa5 43. Rh7 h5 44. Rg7 Kf6 45. Rd7 Ke6 46. Rd8 Ra1 47. Re8+ Kf6 48. Re2 Ra3 49. c3 Ra2+ 50. Kd3 Rxe2 51. Kxe2 Ke6 52. Kd3 Kd5 53. c4+ Kc5 54. Kc3 d5 55. cxd5 Kxd5 56. Kd3 Kc5 57. Kc3 Kd5 58. Kd3 Kc5 59. Kc3 1/2-1/2